| 000 | 00578cam a2200229 4500 | ||
|---|---|---|---|
| 008 | 090401t1991 xxu||||| |||| 00| 0 eng d | ||
| 020 | _a1852711809 | ||
| 035 | _a(Sirsi) u49426 | ||
| 041 | _aeng | ||
| 050 | _a346.41032 | ||
| 100 | _aCecil, Ray | ||
| 245 | _aProfessional liability. | ||
| 250 | _a3rd ed. | ||
| 260 |
_aLondon _bLegal Studies & Services _c1991 |
||
| 300 | _a225p. ; 24cm. | ||
| 350 | _a29.75 | ||
| 650 | _aARCHITECTS | ||
| 650 | _aNEGLIGENCE | ||
| 690 | _aMANAGEMENT-BUSINESS MANAGEMENT-PROFESSIONAL PRACTICE | ||
| 942 | _n0 | ||
| 948 | _c04/03/1997 | ||
| 999 |
_c92560 _d92560 |
||